Top 10 Rascal Flatts songs - Statistics

General Stats
  • This quiz has been taken 93 times
  • The average score is 4 of 10
Answer Stats
No Clue Song % Correct
Life Is A Highway
78%
What Hurts The Most
61%
Bless The Broken Road
58%
My Wish
54%
Mayberry
38%
Fast Cars And Freedom
32%
Here Comes Goodbye
31%
Stand
31%
I Won't Let Go
22%
Feels Like Today
11%
No matching quizzes found
Score Distribution
Percent of People with Each Score
Percentile by Number Answered
Your Score History
You have not taken this quiz